000 00555nam a2200217Ia 4500
003 OSt
005 20240302063714.0
008 210327s9999||||xx |||||||||||||| ||und||
040 _cSTCPL
041 _aENG
082 _a823
_bWIL-V
100 _aThackeray, William Makepeace
245 0 _aVanity fair :
_bA novel without a hero /
_cby William Makepeace Thackeray
260 _aNew York :
_bThe Modern Library ,
_c1950 .
300 _a527 p.
_bHB
650 _aEnglish literature
650 _aNovel
942 _cBK
942 _2ddc
942 _2ddc
999 _c12708
_d12708